000 04313nam a22005777a 4500
001 DVD-007765-773
005 20110824135915.0
006 a|||||r|||||00| 0
007 vd bvaizu
008 091030s2008 ii 137 g vlhin
010 _aDVD-007765-773
024 _aDHIF1739S
_c349.00
035 _aDVD-007765-773
040 _aDLC
_cDLC
_dDLC
_eamim
082 _aDVD / MILA
245 0 0 _aMilan /
_cProduced by Prasad Productions, directed by Adurthi Subba Rao; music by Laxmikant Pyarelal
257 _aIndia.
260 _aNew Delhi :
_bMoser Baer Entertainment,
_cp2010.
300 _a1 videodisc of 1 (DVD) : (170 min.)
_bsd., b&w ;
_c4 3/4 in.
_3viewing copy.
440 _aNutan Six classic films: 2
_933466
500 _aCopyright notice on container: Moser baer
500 _aOriginally released theatrically in 1967.
500 _aSummary taken from IMDB.com.
508 _aMusic ; Laxmikant Pyarelal
511 1 _aSunil Dutt, Nutan, Pran, Deven Varma and Jamuna
520 _aOn the banks of the holy River Ganga, Gopi, a ferryman conducts an unconsummated romance with Radha, a girl from the upper classes. At the same time, he rejects the advances of Gauri, a girl from his own village, who is attracting the unwanted attention of Radha's lecherous uncle. Fate is not kind to them. Radha is married off to a man she doesn't care for and Gopi is severely beaten by thugs sent by Radha's uncle after he prevents him from molesting Gauri. Radha's husband dies suddenly and she returns home in disgrace to find her father is dangerously ill. However, the attraction between Radha and Gopi remains as strong as ever and ugly rumours start to circulate about the nature of their relationship - for which Gopi blames the jealous Gauri. Emotions come to the boil and tragedy results. Fortunately, for all concerned, another birth awaits them.
538 _aNTSC all region
546 _aIn Hindi. with English Subtitles
650 0 _aFamily
_vDrama.
_933467
650 0 _aMusical
_vDrama.
_933469
650 0 _aRoamance
_vdrama
_933525
700 1 _aSubba Rao, Adurthi .,
_edirection.
_933470
700 1 _aPrasad, L.V.
_eproduction.
_933471
700 1 _aLaxmikant
_emusic.
_933472
_qLaxmikant Shantaram Kudalkar
700 1 _aPyarelal
_eMusic
_qPyarelal Ramprasad Sharma
_933526
700 1 _aAthreya Mullapudi
_eStory
_933505
710 2 _aMoser Baer (New Delhi, India)
_933473
856 _uhttp://www.imdb.com/title/tt0061974/
942 _2ddc
_cCF
_hDVD
_mMILA
999 _c55892
_d55892